Memahami Sains Sukan / (Record no. 180588)

MARC details
000 -LEADER
fixed length control field 01190pac a2200385 ia4500
001 - CONTROL NUMBER
control field vtls000886028
003 - CONTROL NUMBER IDENTIFIER
control field PNM
005 - DATE AND TIME OF LATEST TRANSACTION
control field 20201215104923.0
008 - FIXED-LENGTH DATA ELEMENTS--GENERAL INFORMATION
fixed length control field 190919t20202020my ao jr 000 0 may
015 ## - NATIONAL BIBLIOGRAPHY NUMBER
National bibliography number M20-02185
020 ## - INTERNATIONAL STANDARD BOOK NUMBER
International Standard Book Number 9789672157304
Qualifying information set
International Standard Book Number 9789672157328
Terms of availability RM38.16
Qualifying information paperback
039 #9 - LEVEL OF BIBLIOGRAPHIC CONTROL AND CODING DETAIL [OBSOLETE]
Level of rules in bibliographic description 202006011407
Level of effort used to assign nonsubject heading access points sham
Level of effort used to assign subject headings 202006011407
Level of effort used to assign classification sham
Level of effort used to assign subject headings 202003101539
Level of effort used to assign classification maulidiah
Level of effort used to assign subject headings 202003101528
Level of effort used to assign classification maulidiah
040 ## - CATALOGING SOURCE
Original cataloging agency BNM
Language of cataloging eng
Transcribing agency BNM
Description conventions rda
Modifying agency PPAK
049 ## - LOCAL HOLDINGS (OCLC)
Holding library mal
082 04 - DEWEY DECIMAL CLASSIFICATION NUMBER
Classification number 796
Edition number 23
090 00 - LOCALLY ASSIGNED LC-TYPE CALL NUMBER (OCLC); LOCAL CALL NUMBER (RLIN)
Classification number (OCLC) (R) ; Classification number, CALL (RLIN) (NR) 796
Feature heading MOH
Feature heading K
100 0# - MAIN ENTRY--PERSONAL NAME
Personal name Mohd. Firdaus,
Relator term author.
245 10 - TITLE STATEMENT
Title Memahami Sains Sukan /
Statement of responsibility, etc. Mohd Firdaus
264 #1 - PRODUCTION, PUBLICATION, DISTRIBUTION, MANUFACTURE, AND COPYRIGHT NOTICE
Place of production, publication, distribution, manufacture Seri Kembangan, Selangor :
Name of producer, publisher, distributor, manufacturer Pustaka Kelisa,
Date of production, publication, distribution, manufacture, or copyright notice [2020]
Date of production, publication, distribution, manufacture, or copyright notice ©2020
300 ## - PHYSICAL DESCRIPTION
Extent 48 pages :
Other physical details colour illustrations, colour photographs ;
Dimensions 30 cm.
336 ## - CONTENT TYPE
Content type term text
Source rdacontent
337 ## - MEDIA TYPE
Media type term unmediated
Source rdamedia
338 ## - CARRIER TYPE
Carrier type term volume
Source rdacarrier
490 1# - SERIES STATEMENT
Series statement Aplikasi Sains Menuju Sukan Olimpik
500 ## - GENERAL NOTE
General note Includes questions and exercises
650 10 - SUBJECT ADDED ENTRY--TOPICAL TERM
Topical term or geographic name entry element Sports sciences
Topical term or geographic name entry element Sports
830 #0 - SERIES ADDED ENTRY--UNIFORM TITLE
Uniform title Aplikasi sains menuju sukan olimpik
942 ## - ADDED ENTRY ELEMENTS (KOHA)
Source of classification or shelving scheme Dewey Decimal Classification
Koha item type Book
949 ## - LOCAL PROCESSING INFORMATION (OCLC)
6 2000681596
6 2000681597
6 2000681598
Holdings
Withdrawn Not for loan Current library Shelving location Date acquired Full call number Barcode Date last seen Koha item type
    Perpustakaan Alor Setar Pinjaman Kanak-kanak 11/01/2021 K 796 MOH A01666327 11/01/2021 Book
    Perpustakaan Alor Setar Pinjaman Kanak-kanak 11/01/2021 K 796 MOH A01666337 11/01/2021 Book
    Perpustakaan Awam Sungai Petani Pinjaman Kanak-kanak 11/01/2021 K 796 MOH A01666328 11/01/2021 Book
    Perpustakaan Baling Pinjaman Kanak-kanak 11/01/2021 K 796 MOH A01666330 11/01/2021 Book
    Perpustakaan Bandar Baharu Pinjaman Kanak-kanak 11/01/2021 K 796 MOH A01666331 11/01/2021 Book
    Perpustakaan Kuala Nerang Pinjaman Kanak-kanak 11/01/2021 K 796 MOH A01666335 11/01/2021 Book
    Perpustakaan Kulim Pinjaman Kanak-kanak 11/01/2021 K 796 MOH A01666329 11/01/2021 Book
    Perpustakaan Merbok Pinjaman Kanak-kanak 11/01/2021 K 796 MOH A01666332 11/01/2021 Book
    Perpustakaan Pendang Pinjaman Kanak-kanak 11/01/2021 K 796 MOH A01666336 11/01/2021 Book
    Perpustakaan Sik Pinjaman Kanak-kanak 11/01/2021 K 796 MOH A01666334 11/01/2021 Book
    PD03, Kg. Pulau Pisang, Jitra Pinjaman Kanak-kanak 11/01/2021 K 796 MOH A01666338 11/01/2021 Book